| 000 | 00359nam a22001217a 4500 | ||
|---|---|---|---|
| 999 |
_c744 _d744 |
||
| 005 | 20200817160153.0 | ||
| 008 | 200817b ||||| |||| 00| 0 eng d | ||
| 020 | _a0198216645 | ||
| 040 | _cCML | ||
| 245 |
_aInternational Boundaries of East Africa. _cMcEwen, A.C. |
||
| 260 |
_aOxford _bClarendon _c1971 |
||
| 942 |
_2ddc _cBK _e1st Edition _h341 _mMcE |
||